000 00409nam a22001697a 4500
999 _c5107
_d5105
005 20211203112627.0
008 160701b xxu||||| |||| 00| 0 eng d
020 _a81-88458-69-4
041 _aeng
082 _b18931
100 _aSingh, Parvin
_96959
245 _aCivil Engineering materials
260 _bS.K. Kataria & Sons
_c2012
300 _a273
650 _aDiploma Engineering
_9817
942 _cBK